Further new model English essays : compositions, creative writing & essays

Bibliographic Details
Main Author: Wong, James
Format: Book
Published: Selangor : Crescent News (K.L.) Sdn Bhd , 2014
Subjects:

MARC

LEADER 00000cam a2200000 7i4500
001 0000045878
005 20150218.0
008 150218
020 |a 9789674090838 
090 0 0 |a 428.24   |b WON 
100 1 |a Wong, James 
245 1 0 |a Further new model English essays :   |b compositions, creative writing & essays   |c James Wong 
260 |a Selangor :   |b Crescent News (K.L.) Sdn Bhd ,   |c 2014 
650 0 |a English language   |x Composition 
650 0 |a English language   |x Writing 
999 |a 0001334674   |b Book   |c Adult Collection   |e Cawangan Bukit Gambir 
999 |a 0001334676   |b Book   |c Adult Collection   |e Cawangan Muar 
999 |a 0001334677   |b Book   |c Adult Collection   |e Cawangan Bandar Penawar 
999 |a 0001334678   |b Book   |c Adult Collection   |e Cawangan Bandar Tenggara 
999 |a 0001334679   |b Book   |c Adult Collection   |e Cawangan Tmn. Ungku Tun Aminah 
999 |a 0001334680   |b Book   |c Adult Collection   |e Cawangan Batu Pahat 
999 |a 0001334681   |b Book   |c Adult Collection   |e Cawangan Pontian 
999 |a 0001334682   |b Book   |c Adult Collection   |e Cawangan Tangkak 
999 |a 0001334683   |b Book   |c Adult Collection   |e Cawangan Segamat 
999 |a 0001334684   |b Book   |c Adult Collection   |e Cawangan Taman Sri Lambak 
999 |a 0001334685   |b Book   |c Adult Collection   |e Cawangan Mersing 
999 |a 0001334686   |b Book   |c Adult Collection   |e Cawangan Kota Tinggi 
999 |a 0001335846   |b Book   |c Adult Collection   |e Perbadanan Perpustakaan Awam Johor 
999 |a 0001335847   |b Book   |c Adult Collection   |e Cawangan Urban Transformation Centre 
999 |a 0001335848   |b Book   |c Adult Collection   |e Cawangan AEON Kulaijaya 
999 |a 1334676   |b Book   |c Adult Collection   |e Cawangan Muar